000 01436cam a22003375a 4500
001 18985251
005 20160720121808.0
008 160222t2015 enk frb 001 0 eng d
010 _a 2016295273
020 _a9781849465557 (pbk)
040 _aDLC
_beng
_cDLC
_dEG-ScBUE
043 _ae-uk---
082 0 4 _a346.4103
_bHEP
_222
245 0 0 _aHepple and Matthews' tort law :
_bcases and materials /
_cDavid Howarth ... [et al.] ; consultant editor, Bob Hepple.
246 3 0 _aTort law
246 3 _aHepple & Matthews' tort law
250 _a7th ed.
260 _aOxford :
_bHart Publishing / Bloomsbury Publishing,
_cc.2015.
300 _ali, 1188 p. ;
_c25 cm.
500 _aIndex : p. 1179-1188.
504 _aIncludes bibliographical references.
520 _aThis is the seventh edition of the classic casebook on Tort. Taking a broadly contextual approach the book addresses all the main topics in tort law, is up-to-date, doctrinally sound, stimulating and highly readable.
650 0 _aTorts
_zGreat Britain
_vDigests.
_2BUEsh
650 0 _aLaw reports, digests, etc.
_zGreat Britain.
_2BUEsh
651 _2BUEsh
653 _bEEENG
_cJuly2016
700 1 _aHowarth, David,‏
_d1958-‏
_940356
700 1 _aHepple, B. A.‏,
_eeditor.
_940358
775 0 8 _iRevision of:
_aMatthews, M. H. (Martin Hubie).
_tHepple and Matthews' tort law
_b6th ed.
_dOxford : New York : Oxford University Press, c2009
942 _2ddc
999 _c21983
_d21955